Estados e Capitais do Brasil - Statistics

Estatísticas Gerais
  • Esse quiz foi jogado 695 vezes
  • A pontuação média é 21 de 27
Estatísticas das Respostas
Hint Resposta % Correto
Rio de Janeiro Rio de Janeiro
99%
São Paulo São Paulo
99%
MInas Gerais Belo Horizonte
92%
Goias Goiânia
92%
Distrito Federal Brasília
89%
Espírito Santos Vitória
87%
Amazonas Manaus
86%
Paraná Curitiba
84%
Santa Catarina Florianópolis
84%
Acre Rio Branco
84%
Bahia Salvador
84%
Amapá Macapá
82%
Tocantins Palmas
80%
Rio Grande do Sul Porto Alegre
80%
Pará Belém
77%
Mato Grosso Cuiába
76%
Ceará Fortaleza
76%
Rio Grande do Norte Natal
75%
Roraima Porto Velho
74%
Pernambuco Recife
73%
Mato Grosso do Sul Campo Grande
72%
Maranhão São Luís
71%
Paraiba João Pessoa
69%
Piauí Teresina
67%
Sergipe Aracaju
66%
Alagoas Maceió
66%
Rondônia Boa Vista
63%
Nenhum quiz correspondente encontrado
Distribuição das Pontuações
Porcentagem de Pessoas com Cada Pontuação
Percentil de Números Respondidos
Sua Pontuação Histórica
Você não jogou esse quiz